00776nam a2200205Ia 4500003000900000005001700009008004100026040003300067041000800100080001200108245018500120260003700305300002000342650006200362650001400424650001100438942000700449952009700456999001700553LK-CoDNM20240926130523.0010623t1896 xxu||||| |||| 00| 1 eng d aLK-CoDNMdLK-CoDNMeLK-CoDNM aeng a24 bF5 aSupplement to the Catalogue of the Colombo Museum LibraryaCatalouge of Pali,Sinhaese & Sanskrit Manuscripts in the Ceylon Government Oriental LibrybPART I , PART II c1892-1896 bGovernment PresssaColomboc1896 b92p. ; 24 cm aSupplement to the Catalogue of the Colombo Museum Library a1892-1896 a24 F5 cBK 001041708OBCaMAINbMAINcREFd2024-09-26l0o24 F5pOJP1926r2024-09-26w2024-09-26yBK c84247d84247